00890nam a22002057a 4500003000900000005001700009008004000026040002500066082000700091245022800098246004600326260004000372300003000412590002900442700003700471910001400508942001400522952013100536999001700667DO-SdBNP20211019142308.0201125b 1998 ch a 00| 0 eng d aDO-SdBNPbspacBNPHU 422210aPrimer estudio internacional comparativo sobre lenguaje, matemática y factores asociados en tercero y cuarto grado /cLaboratorio Latinoamericano de Evaluación de la Calidad de la Educación ; prólogo Federico Mayor.10aPrimer estudio internacional comparativo. aSantiago, Chile : bUNESCO, c1998. a87 p. : bil. ; c22 cm.  aInventariado, 2020 /LP 1 aMayor, Federico,epról.935869 aLopérez 2ddccLBS1 00102ddc718MOaBNPHUbPDcHDd2020-11-25eDonado por Barbara Suncar l0oBNPHU PDp2021-27325r2020-11-25w2020-11-25yLBS1 c49202d49202